<?xml version="1.0" encoding="UTF-8"?>
<record
    xmlns:xsi="http://www.w3.org/2001/XMLSchema-instance"
    xsi:schemaLocation="http://www.loc.gov/MARC21/slim http://www.loc.gov/standards/marcxml/schema/MARC21slim.xsd"
    xmlns="http://www.loc.gov/MARC21/slim">

  <leader>00517nam a22001577a 4500</leader>
  <datafield tag="999" ind1=" " ind2=" ">
    <subfield code="c">7865</subfield>
    <subfield code="d">7865</subfield>
  </datafield>
  <controlfield tag="005">20240219155158.0</controlfield>
  <controlfield tag="008">240219b           ||||| |||| 00| 0 eng d</controlfield>
  <datafield tag="020" ind1=" " ind2=" ">
    <subfield code="a">9788411730440</subfield>
  </datafield>
  <datafield tag="040" ind1=" " ind2=" ">
    <subfield code="a">CDMR</subfield>
  </datafield>
  <datafield tag="100" ind1=" " ind2=" ">
    <subfield code="9">4935</subfield>
    <subfield code="a">Roig, Pep Antoni</subfield>
  </datafield>
  <datafield tag="245" ind1=" " ind2=" ">
    <subfield code="a">L'Aire de les coses </subfield>
    <subfield code="b">: l'Espin&#xE0;s que va n&#xE9;ixer el dia que va morir </subfield>
    <subfield code="c">/ Pep Antoni Roig </subfield>
  </datafield>
  <datafield tag="260" ind1=" " ind2=" ">
    <subfield code="a">Barcelona </subfield>
    <subfield code="b">: Ara Llibres : Generalitat de Catalunya</subfield>
    <subfield code="c">, 2024</subfield>
  </datafield>
  <datafield tag="300" ind1=" " ind2=" ">
    <subfield code="a">206 p&#xE0;gines</subfield>
  </datafield>
  <datafield tag="600" ind1="1" ind2="0">
    <subfield code="9">2</subfield>
    <subfield code="a">Espin&#xE0;s, Josep Maria</subfield>
    <subfield code="d">(1927-2023)</subfield>
  </datafield>
  <datafield tag="942" ind1=" " ind2=" ">
    <subfield code="2">udc</subfield>
    <subfield code="c">MON</subfield>
  </datafield>
  <datafield tag="952" ind1=" " ind2=" ">
    <subfield code="0">0</subfield>
    <subfield code="1">0</subfield>
    <subfield code="2">udc</subfield>
    <subfield code="4">0</subfield>
    <subfield code="7">0</subfield>
    <subfield code="a">CDMR</subfield>
    <subfield code="b">CDMR</subfield>
    <subfield code="d">2024-02-19</subfield>
    <subfield code="e">Donaci&#xF3;</subfield>
    <subfield code="g">20.00</subfield>
    <subfield code="l">1</subfield>
    <subfield code="o">Du 1/211</subfield>
    <subfield code="p">CDMR24020011</subfield>
    <subfield code="r">2024-04-03</subfield>
    <subfield code="s">2024-03-12</subfield>
    <subfield code="w">2024-02-19</subfield>
    <subfield code="y">MON</subfield>
  </datafield>
</record>
